Govt. of
Madhya Pradesh

Capitalism Colonialism and Globalization (Record no. 51939)

MARC details
000 -LEADER
fixed length control field 00422nam a22001697a 4500
003 - CONTROL NUMBER IDENTIFIER
control field MACL
005 - DATE AND TIME OF LATEST TRANSACTION
control field 20151226135822.0
008 - FIXED-LENGTH DATA ELEMENTS--GENERAL INFORMATION
fixed length control field 151226b xxu||||| |||| 00| 0 eng d
040 ## - CATALOGING SOURCE
Transcribing agency MACL
041 ## - LANGUAGE CODE
Language code of text/sound track or separate title English
082 ## - DEWEY DECIMAL CLASSIFICATION NUMBER
Classification number 330/CHA
100 ## - MAIN ENTRY--PERSONAL NAME
Personal name Moosvi,Shireen
9 (RLIN) 22866
245 ## - TITLE STATEMENT
Title Capitalism Colonialism and Globalization
260 ## - PUBLICATION, DISTRIBUTION, ETC. (IMPRINT)
Place of publication, distribution, etc. New Delhi
Name of publisher, distributor, etc. Tulika books
Date of publication, distribution, etc. 2011
650 ## - SUBJECT ADDED ENTRY--TOPICAL TERM
Topical term or geographic name as entry element Economics
9 (RLIN) 22867
942 ## - ADDED ENTRY ELEMENTS (KOHA)
Source of classification or shelving scheme
Koha item type Books

No items available.